MARC

LEADER 00000nam0a2200000 4500
001 119244
005 20231031124453.0
010 |a 5020140694 
020 |a RU  |b 88-81405 
035 |a (RuTPU)RU\TPU\book\129044 
090 |a 119244 
100 |a 20070627d1988 km y0rusy5003 ca 
101 0 |a rus 
102 |a RU 
105 |a a z 001zy 
200 1 |a Магнитные поля галактик  |f А. А. Рузмайкин, Д. Д. Соколов, А. М. Шукуров 
210 |a Москва  |c Наука  |d 1988 
215 |a 278,[1] с.  |c ил. 
320 |a Библиогр.: с. 253-279. 
610 1 |a галактики 
610 1 |a магнитное поле 
610 1 |a наблюдения 
610 1 |a наблюдательные данные 
610 1 |a происхождение 
610 1 |a гидродинамика 
675 |a 524.6  |z rus 
700 1 |a Рузмайкин  |b А. А.  |g Александр Андреевич  |4 070 
701 1 |a Соколов  |b Д. Д.  |g Дмитрий Дмитриевич 
701 1 |a Шукуров  |b А. М.  |g Анвар Мухамадович 
801 0 |a RU  |b RuMRKP  |c 19950417  |g psbo 
801 1 |a RU  |b 63413507  |c 20070627  |g PSBO 
801 2 |a RU  |b 63413507  |c 20080919  |g PSBO 
942 |c BK